00853nam a2200241Ia 450000100060000000300090000600800410001504000130005604000130006904100130008210000190009510000290011424500410014324500410018425000110022526000090023626000140024526000490025930000430030850002020035165000270055365000310058025189IT-RoPAU130308s9999 xx 000 0 und d aIT-RoPAU cIT-RoPAU aITALIANO aMalan Domenico gCodice Aut. SPICS: 12212 aStoria illustrata del cinema western bStoria Illustrata del Cinema Western a1a ed. aROMA bAnthropos c1984 [1° Ed.:1984 - Ed.Ling.Originale:1984] a"240 p. (prefazione: no ; testo: 240)" aIntervista a Sergio Leone Origini ed Evoluzione del western Biofilmografia Attori e registi Piu' Famosi del western Schede Filmografiche western Filmografia western Americani dal dopoguerra Ad Oggi aGENERI CINEMATOGRAFICI eCodice materia Spics: 6810